Pokémons ayant pour talent Farceur - Statistiques

Statistiques générales
  • Ce quiz a été pris 32 fois
  • Le résultat moyen est 5 sur 14
Statistiques - réponses
Hint Réponse % Correct
Comme talent caché Ténéfix
86%
Comme talent Angoliath
81%
Comme talent Farfaduvet
76%
Comme talent Trousselin
48%
Comme talent caché Cornèbre
38%
Comme talent caché Muciole
38%
Comme talent caché Riolu
33%
Comme talent caché Léopardus
24%
Comme talent caché Lumivole
24%
Comme talent Boréas avatar
19%
Comme talent Fulguris avatar
19%
Comme talent Méga-Branette
19%
Comme talent caché Tag-tag
19%
Comme talent caché Mystigrix mâle
10%
Aucun quiz correspondant
Distribution des résultats
% des personnes avec chaque résultat
Percentile par nombre de réponses
Votre historique - résultats
Vous n’avez pas pris ce quiz